000 00456nmm a2200169Ia 4500
008 251105s9999||||xx |||||||||||||||||und||
041 _aspa
100 _aCarr, Caleb
245 0 _aEl alienista
264 _a[Madrid, España] :
_bEdiciones B,
_c2013
300 _a512 páginas
650 _aThriller & Suspense
700 _aCarr, Caleb
700 1 _a Puigros Jaume, Antoni
856 _uhttps://public.digitaliapublishing.com/a/53069
942 _cCF
999 _c63593
_d63593